[Event "Scarborough CC Falling Leaves U1700"]
[Site "Toronto CAN"]
[Date "2009.09.24"]
[Round "3"]
[White "Walker, John"]
[Black "Seedhouse, Jeff"]
[Result "1-0"]
[WhiteElo "1362"]
[BlackElo "1578"]
[PlyCount "113"]
[GameId "2160767910096125"]
[EventDate "2009.11.05"]
[EventType "swiss"]
[EventRounds "7"]
[EventCountry "CAN"]
[SourceTitle "EXT 2011"]
[Source "ChessBase"]
[SourceDate "2011.11.26"]
[SourceVersion "1"]
[SourceVersionDate "2011.11.26"]
[SourceQuality "1"]

1. d4 d5 2. Nf3 c5 3. b3 Nf6 4. Bb2 Nc6 5. e3 Bg4 6. Nbd2 e6 7. a3 Be7 8. Bd3 O-O 9. O-O Qb6 10. dxc5 Qxc5 11. b4 Qd6 12. Re1 Rfd8 13. b5 Na5 14. Be5 Qd7 15. c3 Rac8 16. Qc2 Bf5 17. Bxf5 exf5 18. Nd4 Ne4 19. Nxe4 dxe4 20. Rad1 Bd6 21. Bxd6 Qxd6 22. Nc6 Qc7 23. Rxd8+ Rxd8 24. Nxd8 Qxd8 25. Rd1 Qc7 26. Qd2 g6 27. Qd8+ Qxd8 28. Rxd8+ Kg7 29. Ra8 Nc4 30. Rxa7 b6 31. Kf1 Kf6 32. Ke2 Ke6 33. Kd1 g5 34. Rc7 Nxa3 35. Rc6+ Kd5 36. Rxb6 Kc5 37. Rb7 Nxb5 38. Rxf7 Nxc3+ 39. Ke1 f4 40. exf4 gxf4 41. Rxf4 Kd4 42. Rh4 Nd5 43. f3 Ke5 44. Rxe4+ Kf5 45. Rh4 Nf4 46. Rxf4+ Kxf4 47. Kf2 h5 48. g3+ Kg5 49. h3 Kf5 50. Ke3 Kg5 51. Ke4 Kg6 52. Ke5 Kg5 53. f4+ Kg6 54. Ke6 h4 55. f5+ Kg7 56. g4 Kf8 57. Kf6 1-0

[Event "Scarborough CC Falling Leaves U1700"]
[Site "Toronto CAN"]
[Date "2009.09.24"]
[Round "3"]
[White "Wang, Jason"]
[Black "Graham, John"]
[Result "1/2-1/2"]
[WhiteElo "1011"]
[BlackElo "1446"]
[PlyCount "88"]
[GameId "2160767910096126"]
[EventDate "2009.11.05"]
[EventType "swiss"]
[EventRounds "7"]
[EventCountry "CAN"]
[SourceTitle "EXT 2011"]
[Source "ChessBase"]
[SourceDate "2011.11.26"]
[SourceVersion "1"]
[SourceVersionDate "2011.11.26"]
[SourceQuality "1"]

1. e4 e5 2. Nf3 Nc6 3. Nc3 d6 4. Bb5 Bd7 5. O-O Nf6 6. d3 h6 7. h3 Nd4 8. Bxd7+ Qxd7 9. Nxd4 exd4 10. Nd5 c6 11. Nxf6+ gxf6 12. b4 Rg8 13. Qf3 Rg6 14. Bb2 c5 15. c3 Qb5 16. a4 Qb6 17. a5 Qb5 18. e5 dxe5 19. a6 cxb4 20. Qxb7 Qxb7 21. axb7 Rb8 22. Rxa7 Ke7 23. cxb4 f5 24. Rc1 Rd6 25. Rc7+ Rd7 26. Rxd7+ Kxd7 27. f4 f6 28. Bc1 Kc7 29. b5 Rxb7 30. b6+ Kxb6 31. Rxb7+ Kxb7 32. fxe5 fxe5 33. g4 f4 34. Kf2 Kc6 35. Kf3 Be7 36. Bd2 Bg5 37. Be1 Kd6 38. h4 Bf6 39. Ke4 Ke6 40. h5 Bg5 41. Ba5 Kd6 42. Bb4+ Ke6 43. Bc5 Bf6 44. Ba7 Bg5 1/2-1/2

[Event "Scarborough CC Falling Leaves U1700"]
[Site "Toronto CAN"]
[Date "2009.09.24"]
[Round "3"]
[White "Xie, Peter"]
[Black "Hossain, Samir"]
[Result "0-1"]
[WhiteElo "1366"]
[BlackElo "1411"]
[PlyCount "58"]
[GameId "2160767910096127"]
[EventDate "2009.11.05"]
[EventType "swiss"]
[EventRounds "7"]
[EventCountry "CAN"]
[SourceTitle "EXT 2011"]
[Source "ChessBase"]
[SourceDate "2011.11.26"]
[SourceVersion "1"]
[SourceVersionDate "2011.11.26"]
[SourceQuality "1"]

1. e4 e6 2. d4 d5 3. Nd2 Nf6 4. e5 Nfd7 5. Ngf3 c5 6. c3 Nc6 7. Bd3 Qb6 8. Ng5 Be7 9. Nxf7 Kxf7 10. Qh5+ Kg8 11. Nf3 cxd4 12. Ng5 Bxg5 13. Bxg5 Ncxe5 14. Qe8+ Nf8 15. Be7 Ned7 16. h4 Qxb2 17. O-O b6 18. g4 Bb7 19. Qh5 dxc3 20. Qg5 c2 21. h5 Qe5 22. Qd2 Nf6 23. f3 Qg3+ 24. Kh1 Nxg4 25. Qe2 Ne5 26. h6 Qh3+ 27. Kg1 Nfg6 28. Bxg6 Nxg6 29. hxg7 Kxg7 0-1

[Event "Scarborough CC Falling Leaves U1700"]
[Site "Toronto CAN"]
[Date "2009.09.24"]
[Round "3"]
[White "Yie, Kevin Yi Xiao"]
[Black "Douglas, Steven"]
[Result "0-1"]
[WhiteElo "956"]
[BlackElo "1540"]
[PlyCount "52"]
[GameId "2160767910096128"]
[EventDate "2009.11.05"]
[EventType "swiss"]
[EventRounds "7"]
[EventCountry "CAN"]
[SourceTitle "EXT 2011"]
[Source "ChessBase"]
[SourceDate "2011.11.26"]
[SourceVersion "1"]
[SourceVersionDate "2011.11.26"]
[SourceQuality "1"]

1. e4 g6 2. d4 Bg7 3. Nf3 d6 4. Bf4 c6 5. c4 Nf6 6. Nc3 O-O 7. Bd3 Nbd7 8. O-O c5 9. d5 Nh5 10. Bg5 f6 11. Bh4 g5 12. Bg3 Nf4 13. Bxf4 gxf4 14. Qd2 Ne5 15. Nxe5 fxe5 16. Nb5 a6 17. Nc3 Kh8 18. Ne2 Rg8 19. Kh1 Bd7 20. Ng1 Bf6 21. Nf3 Bg4 22. Qe2 Qd7 23. h3 Bxh3 24. gxh3 Qxh3+ 25. Nh2 Rg2 26. f3 Qxh2# 0-1

[Event "Scarborough CC Falling Leaves U1700"]
[Site "Toronto CAN"]
[Date "2009.11.19"]
[Round "3"]
[White "Al Ganabi, Zaidun"]
[Black "Rogers, Michael"]
[Result "1-0"]
[WhiteElo "1382"]
[BlackElo "1450"]
[PlyCount "47"]
[GameId "2160767910096129"]
[EventDate "2009.11.05"]
[EventType "swiss"]
[EventRounds "7"]
[EventCountry "CAN"]
[SourceTitle "EXT 2011"]
[Source "ChessBase"]
[SourceDate "2011.11.26"]
[SourceVersion "1"]
[SourceVersionDate "2011.11.26"]
[SourceQuality "1"]

1. e4 e5 2. Nf3 Nc6 3. Bc4 Nf6 4. Nc3 Be7 5. O-O O-O 6. d3 d6 7. h3 Nd4 8. Nxd4 exd4 9. Ne2 c5 10. Re1 Bd7 11. Bf4 Nh5 12. Bh2 g6 13. Nf4 Nxf4 14. Bxf4 g5 15. Bg3 Kh8 16. Qh5 f5 17. exf5 Rxf5 18. Re2 Bc6 19. Rae1 Be8 20. Qh6 Rf6 21. Qxg5 Re6 22. Qd5 Qd7 23. Qxe6 Qxe6 24. Rxe6 1-0

[Event "Scarborough CC Falling Leaves U1700"]
[Site "Toronto CAN"]
[Date "2009.11.19"]
[Round "3"]
[White "Andona, Mary"]
[Black "Vora, Hanz"]
[Result "0-1"]
[WhiteElo "955"]
[BlackElo "1110"]
[PlyCount "120"]
[GameId "2160767910096130"]
[EventDate "2009.11.05"]
[EventType "swiss"]
[EventRounds "7"]
[EventCountry "CAN"]

1. e4 e5 2. Nf3 Nc6 3. Bc4 Nf6 4. d3 Bc5 5. O-O O-O 6. Nc3 d6 7. a3 Bg4 8. Rb1 Nd4 9. b4 Nxf3+ 10. gxf3 Bh3 11. Re1 Bb6 12. Bg5 h6 13. Bh4 c6 14. a4 a6 15. a5 Ba7 16. Qd2 Re8 17. f4 exf4 18. d4 Qd7 19. Qxf4 Qg4+ 20. Qxg4 Bxg4 21. Rbd1 Bxd1 22. Rxd1 Nxe4 23. Ne2 g5 24. Bg3 Nxg3 25. hxg3 Re4 26. Kf1 Rae8 27. f3 Re3 28. Kf2 d5 29. Bd3 R8e7 30. Bf5 Rxe2+ 31. Kf1 R7e3 32. Rd3 Rxd3 33. cxd3 Rb2 34. f4 gxf4 35. gxf4 Rxb4 36. Bc8 Bxd4 37. f5 c5 38. Ke2 h5 39. Kf3 c4 40. dxc4 dxc4 41. f6 c3 42. Bf5 Rc4 43. Kf4 c2 44. Bxc2 Rxc2 45. Ke4 Ba1 46. Kf5 Rc5+ 47. Kf4 Kh7 48. Ke4 Kg6 49. Kd3 Rxa5 50. Ke4 Kxf6 51. Kf4 Ra4+ 52. Kf3 Ke5 53. Ke3 Ra3+ 54. Kd2 Ke4 55. Kc2 Kd4 56. Kd2 Ra2+ 57. Ke1 Kd3 58. Kf1 Bd4 59. Ke1 Rb2 60. Kf1 Rb1+ 0-1

[Event "Scarborough CC Falling Leaves U1700"]
[Site "Toronto CAN"]
[Date "2009.11.19"]
[Round "3"]
[White "Dattani, Dinesh"]
[Black "Termeer, Ted"]
[Result "0-1"]
[WhiteElo "1365"]
[BlackElo "1430"]
[PlyCount "88"]
[GameId "2160767910096131"]
[EventDate "2009.11.05"]
[EventType "swiss"]
[EventRounds "7"]
[EventCountry "CAN"]
[SourceTitle "EXT 2011"]
[Source "ChessBase"]
[SourceDate "2011.11.26"]
[SourceVersion "1"]
[SourceVersionDate "2011.11.26"]
[SourceQuality "1"]

1. e4 e5 2. Nf3 d6 3. d4 exd4 4. Nxd4 Be7 5. Nc3 Nf6 6. Bc4 a6 7. a4 b6 8. O-O Bb7 9. Re1 O-O 10. e5 dxe5 11. Rxe5 Bd6 12. Re1 Bc5 13. Nf5 Qxd1 14. Rxd1 Nc6 15. Bg5 Ng4 16. Bh4 Nge5 17. Ne4 Nxc4 18. Nxc5 bxc5 19. Rd7 Rac8 20. Rd5 Nd6 21. Nxd6 cxd6 22. Rxd6 Nd4 23. Rb6 Rc7 24. Bg3 Ne2+ 25. Kf1 Nxg3+ 26. hxg3 Rd8 27. Re1 Kf8 28. f3 Rd4 29. Re3 Rb4 30. Rd6 g6 31. b3 Rd4 32. Rd3 Rxd3 33. Rxd3 c4 34. Rc3 Bd5 35. b4 Rb7 36. b5 axb5 37. axb5 Rxb5 38. Ke2 Be6 39. Ke3 Ke7 40. Kd4 Rb1 41. f4 f5 42. Ra3 h5 43. Ra7+ Kf6 44. Ra8 Rg1 0-1

[Event "Scarborough CC Falling Leaves U1700"]
[Site "Toronto CAN"]
[Date "2009.11.19"]
[Round "3"]
[White "Huston, Scott"]
[Black "Philip, Andrew"]
[Result "0-1"]
[WhiteElo "1605"]
[BlackElo "1566"]
[PlyCount "34"]
[GameId "2160767910096132"]
[EventDate "2009.11.05"]
[EventType "swiss"]
[EventRounds "7"]
[EventCountry "CAN"]
[SourceTitle "EXT 2011"]
[Source "ChessBase"]
[SourceDate "2011.11.26"]
[SourceVersion "1"]
[SourceVersionDate "2011.11.26"]
[SourceQuality "1"]

1. c4 Nf6 2. g3 e6 3. Bg2 d5 4. cxd5 exd5 5. e3 c6 6. Ne2 Bd6 7. Nbc3 O-O 8. O-O Bf5 9. d3 Re8 10. Nd4 Bg6 11. Re1 Nbd7 12. e4 dxe4 13. dxe4 Nc5 14. Bg5 h6 15. Bxf6 Qxf6 16. f4 Nxe4 17. Kh1 Nf2+ 0-1

[Event "Scarborough CC Falling Leaves U1700"]
[Site "Toronto CAN"]
[Date "2009.11.19"]
[Round "3"]
[White "Luo, Yutong"]
[Black "Super, Russell"]
[Result "1-0"]
[WhiteElo "1454"]
[BlackElo "1530"]
[PlyCount "47"]
[GameId "2160767910096134"]
[EventDate "2009.11.05"]
[EventType "swiss"]
[EventRounds "7"]
[EventCountry "CAN"]
[SourceTitle "EXT 2011"]
[Source "ChessBase"]
[SourceDate "2011.11.26"]
[SourceVersion "1"]
[SourceVersionDate "2011.11.26"]
[SourceQuality "1"]

1. e4 c5 2. Nf3 d6 3. Bb5+ Bd7 4. Bxd7+ Qxd7 5. O-O Nc6 6. Nc3 e6 7. d3 Nf6 8. Be3 Be7 9. Nd2 O-O 10. f4 d5 11. e5 Ne8 12. Ne2 d4 13. Bf2 g6 14. g4 f6 15. exf6 Nxf6 16. h3 Nd5 17. Re1 Nxf4 18. Nxf4 Rxf4 19. Qe2 Raf8 20. Bg3 R4f7 21. Qxe6 Qxe6 22. Rxe6 Bg5 23. Ne4 Nb4 24. Nxg5 1-0

[Event "Scarborough CC Falling Leaves U1700"]
[Site "Toronto CAN"]
[Date "2009.11.19"]
[Round "3"]
[White "Souchko, Larissa"]
[Black "Al Ganabi, Yasir"]
[Result "1-0"]
[WhiteElo "1248"]
[BlackElo "1476"]
[PlyCount "79"]
[GameId "2160767910096135"]
[EventDate "2009.11.05"]
[EventType "swiss"]
[EventRounds "7"]
[EventCountry "CAN"]
[SourceTitle "EXT 2011"]
[Source "ChessBase"]
[SourceDate "2011.11.26"]
[SourceVersion "1"]
[SourceVersionDate "2011.11.26"]
[SourceQuality "1"]

1. e4 e5 2. Nf3 Nc6 3. Bb5 d6 4. c3 Bd7 5. O-O a6 6. Ba4 Nf6 7. Re1 b5 8. Bc2 b4 9. d4 exd4 10. cxd4 Be7 11. h3 O-O 12. e5 dxe5 13. dxe5 Ne8 14. Qd3 g6 15. Bh6 Ng7 16. Nbd2 Re8 17. Bb3 Na5 18. Bxf7+ Kxf7 19. Qd5+ Be6 20. Qxa5 c5 21. Qa4 Qd7 22. Qc2 Nf5 23. Rad1 Nxh6 24. h4 Bg4 25. Ne4 Qc6 26. Rd3 Bxf3 27. Rxf3+ Kg7 28. Rf4 Bf8 29. Ng5 Qd5 30. e6 Be7 31. Qc1 Bxg5 32. hxg5 Ng8 33. Qe3 Qxg5 34. Rf7+ Kh6 35. Rxh7+ Kxh7 36. Qxg5 Rac8 37. Re3 Ne7 38. Rh3+ Kg7 39. Qe5+ Kg8 40. Qh8# 1-0

[Event "Scarborough CC Falling Leaves U1700"]
[Site "Toronto CAN"]
[Date "2009.11.19"]
[Round "3"]
[White "Veecock, Carl"]
[Black "Pishdad, Hassan"]
[Result "0-1"]
[WhiteElo "1596"]
[BlackElo "1442"]
[PlyCount "85"]
[GameId "2160767910096136"]
[EventDate "2009.11.05"]
[EventType "swiss"]
[EventRounds "7"]
[EventCountry "CAN"]
[SourceTitle "EXT 2011"]
[Source "ChessBase"]
[SourceDate "2011.11.26"]
[SourceVersion "1"]
[SourceVersionDate "2011.11.26"]
[SourceQuality "1"]

1. Nf3 Nf6 2. g3 d5 3. Bg2 Nc6 4. d4 Bf5 5. c3 e6 6. O-O Be7 7. Nh4 Bg6 8. Nxg6 fxg6 9. Nd2 O-O 10. Nf3 Bd6 11. b3 Ne4 12. Bb2 g5 13. Nd2 Nxd2 14. Qxd2 h6 15. Rad1 Qf6 16. e4 dxe4 17. Bxe4 Nd8 18. c4 e5 19. dxe5 Bxe5 20. Bxe5 Qxe5 21. Qd5+ Qxd5 22. Rxd5 c6 23. Rd7 Rf7 24. Rd6 Rf6 25. c5 Rxd6 26. cxd6 Ne6 27. Rd1 Rd8 28. Bf5 Kf7 29. Kg2 g6 30. Bg4 h5 31. Bxe6+ Kxe6 32. Re1+ Kxd6 33. Rd1+ Ke7 34. Rxd8 Kxd8 35. Kf3 Ke7 36. Ke4 Ke6 37. h3 b6 38. f4 gxf4 39. Kxf4 Kf6 40. h4 a5 41. a4 g5+ 42. Ke4 gxh4 43. gxh4 0-1

[Event "Scarborough CC Falling Leaves U1700"]
[Site "Toronto CAN"]
[Date "2009.11.19"]
[Round "3"]
[White "Xie, Peter"]
[Black "Azmitia, Gabriel"]
[Result "1-0"]
[WhiteElo "1514"]
[BlackElo "1467"]
[PlyCount "85"]
[GameId "2160767910096137"]
[EventDate "2009.11.05"]
[EventType "swiss"]
[EventRounds "7"]
[EventCountry "CAN"]
[SourceTitle "EXT 2011"]
[Source "ChessBase"]
[SourceDate "2011.11.26"]
[SourceVersion "1"]
[SourceVersionDate "2011.11.26"]
[SourceQuality "1"]

1. e4 c5 2. Nf3 e6 3. d4 cxd4 4. Nxd4 Nf6 5. Nc3 d6 6. Bd3 a6 7. O-O Bd7 8. Nf3 Nc6 9. Re1 Qc7 10. Qe2 b5 11. a3 h6 12. Bf4 Nh5 13. Be3 Nf6 14. Nd4 Ne5 15. h3 g5 16. Nf3 Nc6 17. Nh2 Be7 18. Ng4 Nxg4 19. Qxg4 h5 20. Qg3 Rg8 21. h4 f6 22. f4 g4 23. f5 O-O-O 24. a4 Na7 25. axb5 Bxb5 26. Nxb5 Nxb5 27. Bxb5 axb5 28. Ra8+ Kd7 29. Ra7 Rc8 30. Rxc7+ Rxc7 31. fxe6+ Kxe6 32. Bb6 Rc4 33. Qb3 Rgc8 34. Qxb5 Rxc2 35. Qf5+ Kf7 36. Qxh5+ Kf8 37. Bd4 g3 38. Qf3 Rc1 39. Qxg3 R1c4 40. Be3 Kf7 41. Qg4 Rg8 42. Qh5+ Kf8 43. Bh6+ 1-0

[Event "Scarborough CC Falling Leaves U1700"]
[Site "Toronto CAN"]
[Date "2009.11.19"]
[Round "3"]
[White "Yusuf, Magas"]
[Black "Graham, John"]
[Result "1-0"]
[WhiteElo "1553"]
[BlackElo "1407"]
[PlyCount "100"]
[GameId "2160767910096138"]
[EventDate "2009.11.05"]
[EventType "swiss"]
[EventRounds "7"]
[EventCountry "CAN"]
[SourceTitle "EXT 2011"]
[Source "ChessBase"]
[SourceDate "2011.11.26"]
[SourceVersion "1"]
[SourceVersionDate "2011.11.26"]
[SourceQuality "1"]

1. e4 e6 2. d4 d5 3. Nc3 Bb4 4. exd5 Bxc3+ 5. bxc3 Qxd5 6. Qg4 g6 7. Bd3 Nc6 8. Ne2 e5 9. Qe4 Nf6 10. Qxd5 Nxd5 11. Bh6 Rg8 12. O-O Bf5 13. Bd2 O-O-O 14. Bb5 Nde7 15. Bg5 Rd6 16. dxe5 Rd5 17. Bc4 Rxe5 18. Ng3 Bxc2 19. Bf6 Rc5 20. Bxf7 Rf8 21. Be6+ Kb8 22. Bd4 Nxd4 23. cxd4 Ra5 24. Rfc1 Ba4 25. Ne4 b6 26. Nd2 Rd8 27. Nf3 Rd6 28. Bc4 Bc6 29. Ne5 Rxd4 30. Nxc6+ Nxc6 31. Bg8 Nb4 32. g3 h6 33. a3 Nd5 34. Bxd5 Raxd5 35. Rc6 Rd6 36. Rxd6 Rxd6 37. Re1 g5 38. f4 gxf4 39. gxf4 Rf6 40. Re4 Kb7 41. Kf2 c5 42. a4 Ka6 43. Ke3 Rc6 44. Rc4 Rd6 45. Ke4 Kb7 46. Ke5 Kc7 47. f5 Kd7 48. f6 Re6+ 49. Kf5 Rd6 50. Ke5 Rd4 1-0

[Event "Scarborough CC Falling Leaves U1700"]
[Site "Toronto CAN"]
[Date "2009.10.01"]
[Round "4"]
[White "Dattani, Dinesh"]
[Black "Yie, Kevin Yi Xiao"]
[Result "1-0"]
[WhiteElo "1412"]
[BlackElo "956"]
[PlyCount "49"]
[GameId "2160767910096139"]
[EventDate "2009.11.05"]
[EventType "swiss"]
[EventRounds "7"]
[EventCountry "CAN"]
[SourceTitle "EXT 2011"]
[Source "ChessBase"]
[SourceDate "2011.11.26"]
[SourceVersion "1"]
[SourceVersionDate "2011.11.26"]
[SourceQuality "1"]

1. d4 Nf6 2. c4 g6 3. Nc3 Bg7 4. e4 d6 5. Nf3 O-O 6. Be2 Re8 7. O-O e5 8. d5 c6 9. Bg5 Nbd7 10. dxc6 bxc6 11. Qxd6 Re6 12. Qd2 Qb6 13. Be3 Qb8 14. Rad1 Ba6 15. b3 Qb4 16. Qc2 Ng4 17. Rxd7 Nxe3 18. fxe3 Qb6 19. Qd3 Qa5 20. Ng5 Rf6 21. Rxf6 Bxf6 22. Nxf7 Bg5 23. Nxg5 Bc8 24. Re7 Qa3 25. Qd8# 1-0

[Event "Scarborough CC Falling Leaves U1700"]
[Site "Toronto CAN"]
[Date "2009.10.01"]
[Round "4"]
[White "Douglas, Steven"]
[Black "Al Ganabi, Zaidun"]
[Result "1-0"]
[WhiteElo "1540"]
[BlackElo "1360"]
[PlyCount "79"]
[GameId "2160767910096140"]
[EventDate "2009.11.05"]
[EventType "swiss"]
[EventRounds "7"]
[EventCountry "CAN"]
[SourceTitle "EXT 2011"]
[Source "ChessBase"]
[SourceDate "2011.11.26"]
[SourceVersion "1"]
[SourceVersionDate "2011.11.26"]
[SourceQuality "1"]

1. e4 e5 2. f4 d6 3. Nf3 Nc6 4. Bc4 Nf6 5. O-O Be7 6. fxe5 Nxe5 7. Nxe5 dxe5 8. d3 Qd4+ 9. Kh1 O-O 10. Nd2 Bg4 11. Qe1 Bh5 12. Qg3 Bg6 13. Nf3 Qd6 14. Nh4 Nh5 15. Qg4 Bxh4 16. Qxh4 Kh8 17. Bd2 Rad8 18. Rf2 Rd7 19. Raf1 b6 20. g4 Nf6 21. Rxf6 gxf6 22. Rxf6 Qd4 23. Bh6 Bxe4+ 24. dxe4 Qxc4 25. Bxf8 Rd1+ 26. Kg2 Qxc2+ 27. Rf2 Qxe4+ 28. Rf3 Rd2+ 29. Kg3 Qe1+ 30. Kh3 Qxh4+ 31. Kxh4 Rxh2+ 32. Kg5 Kg8 33. Be7 Rxb2 34. Bf6 Rxa2 35. Rd3 h6+ 36. Kxh6 Rh2+ 37. Kg5 Kh7 38. Rd8 Rh5+ 39. gxh5 e4 40. Rh8# 1-0

[Event "Scarborough CC Falling Leaves U1700"]
[Site "Toronto CAN"]
[Date "2009.10.01"]
[Round "4"]
[White "Farrant-Diaz, Nathan"]
[Black "Xie, Peter"]
[Result "1/2-1/2"]
[WhiteElo "1506"]
[BlackElo "1366"]
[PlyCount "24"]
[GameId "2160767910096141"]
[EventDate "2009.11.05"]
[EventType "swiss"]
[EventRounds "7"]
[EventCountry "CAN"]
[SourceTitle "EXT 2011"]
[Source "ChessBase"]
[SourceDate "2011.11.26"]
[SourceVersion "1"]
[SourceVersionDate "2011.11.26"]
[SourceQuality "1"]

1. e4 e5 2. Nf3 Nc6 3. d4 exd4 4. Nxd4 Bc5 5. Be3 Bb6 6. Bc4 Qf6 7. c3 Nge7 8. Nxc6 Nxc6 9. Bxb6 axb6 10. f4 O-O 11. Na3 Rxa3 12. bxa3 Qxc3+ 1/2-1/2

[Event "Scarborough CC Falling Leaves U1700"]
[Site "Toronto CAN"]
[Date "2009.10.01"]
[Round "4"]
[White "Huston, Scott"]
[Black "Karpik, Steve"]
[Result "1-0"]
[WhiteElo "1475"]
[BlackElo "1522"]
[PlyCount "83"]
[GameId "2160767910096142"]
[EventDate "2009.11.05"]
[EventType "swiss"]
[EventRounds "7"]
[EventCountry "CAN"]
[SourceTitle "EXT 2011"]
[Source "ChessBase"]
[SourceDate "2011.11.26"]
[SourceVersion "1"]
[SourceVersionDate "2011.11.26"]
[SourceQuality "1"]

1. c4 d6 2. g3 Nc6 3. Bg2 g6 4. Nc3 Bg7 5. d3 Nf6 6. e4 e5 7. h3 Bd7 8. Nge2 Qc8 9. Bg5 O-O 10. Qd2 Ne8 11. Bh6 f5 12. Bxg7 Kxg7 13. f4 Nf6 14. O-O-O a5 15. h4 h5 16. Nd5 Ng4 17. Rdf1 Qd8 18. d4 exd4 19. Nxd4 Ne7 20. Qc3 Kh7 21. Nf3 Nxd5 22. exd5 Qf6 23. Qxf6 Rxf6 24. Re1 Rd8 25. Re7+ Kg8 26. Rhe1 Rf7 27. Rxf7 Kxf7 28. Ng5+ Kf6 29. Kd2 Re8 30. Rxe8 Bxe8 31. Ne6 c5 32. dxc6 Bxc6 33. Bxc6 bxc6 34. Nd8 d5 35. Nxc6 dxc4 36. Nxa5 Nf2 37. Nxc4 Ne4+ 38. Ke3 Nxg3 39. a4 Ne4 40. a5 Nc5 41. b4 Na6 42. b5 1-0

[Event "Scarborough CC Falling Leaves U1700"]
[Site "Toronto CAN"]
[Date "2009.10.01"]
[Round "4"]
[White "Mahoney, Ian"]
[Black "Yusuf, Magas"]
[Result "1/2-1/2"]
[WhiteElo "1516"]
[BlackElo "1462"]
[PlyCount "84"]
[GameId "2160767910096143"]
[EventDate "2009.11.05"]
[EventType "swiss"]
[EventRounds "7"]
[EventCountry "CAN"]
[SourceTitle "EXT 2011"]
[Source "ChessBase"]
[SourceDate "2011.11.26"]
[SourceVersion "1"]
[SourceVersionDate "2011.11.26"]
[SourceQuality "1"]

1. e4 e5 2. Nf3 Nc6 3. Bb5 a6 4. Ba4 Nf6 5. O-O b5 6. Bb3 Be7 7. Re1 d6 8. c3 O-O 9. h3 Bb7 10. d4 exd4 11. cxd4 a5 12. Nc3 Ba6 13. Nd5 Re8 14. Nxe7+ Nxe7 15. Bg5 Ng6 16. Bd5 Rc8 17. Bc6 Re6 18. Qb3 h6 19. d5 Re7 20. Bxf6 gxf6 21. Bxb5 Rb8 22. a4 Qe8 23. Nd4 Bxb5 24. axb5 Rxe4 25. Re3 Rxe3 26. Qxe3 Qxe3 27. fxe3 Re8 28. Rxa5 Rxe3 29. Nf5 Re5 30. Nxh6+ Kg7 31. Ng4 Rxd5 32. b4 Ne5 33. Nxe5 fxe5 34. b6 Rd1+ 35. Kf2 cxb6 36. Rb5 d5 37. Rxb6 d4 38. Ke2 Rg1 39. g4 Rg3 40. Rd6 Rxh3 41. b5 Rb3 42. b6 d3+ 1/2-1/2

[Event "Scarborough CC Falling Leaves U1700"]
[Site "Toronto CAN"]
[Date "2009.10.01"]
[Round "4"]
[White "Philip, Andrew"]
[Black "Walker, John"]
[Result "1/2-1/2"]
[WhiteElo "1550"]
[BlackElo "1362"]
[PlyCount "73"]
[GameId "2160767910096144"]
[EventDate "2009.11.05"]
[EventType "swiss"]
[EventRounds "7"]
[EventCountry "CAN"]
[SourceTitle "EXT 2011"]
[Source "ChessBase"]
[SourceDate "2011.11.26"]
[SourceVersion "1"]
[SourceVersionDate "2011.11.26"]
[SourceQuality "1"]

1. d4 Nf6 2. Bg5 Ne4 3. Bf4 d6 4. f3 Nf6 5. e4 Nbd7 6. Bc4 e5 7. Be3 Be7 8. Ne2 O-O 9. O-O Re8 10. d5 Bf8 11. b4 Nb6 12. Bb3 g6 13. c4 c6 14. Nbc3 Bg7 15. Qd2 Qc7 16. Rac1 Bd7 17. Rfd1 Nc8 18. dxc6 bxc6 19. c5 dxc5 20. bxc5 Be6 21. Bxe6 Rxe6 22. Qd8+ Qxd8 23. Rxd8+ Re8 24. Rcd1 Ne7 25. Rxe8+ Rxe8 26. Rb1 Nc8 27. Rb7 Re7 28. Rb8 Re8 29. Kf2 Nd6 30. Rb4 Nc8 31. Nc1 Bf8 32. Nb3 Nd7 33. Na4 Re6 34. Na5 f5 35. Ke2 Ncb6 36. Nb3 f4 37. Bf2 1/2-1/2

[Event "Scarborough CC Falling Leaves U1700"]
[Site "Toronto CAN"]
[Date "2009.10.01"]
[Round "4"]
[White "Wang, Jason"]
[Black "Rogers, Michael"]
[Result "0-1"]
[WhiteElo "1011"]
[BlackElo "1440"]
[PlyCount "44"]
[GameId "2160767910096146"]
[EventDate "2009.11.05"]
[EventType "swiss"]
[EventRounds "7"]
[EventCountry "CAN"]
[SourceTitle "EXT 2011"]
[Source "ChessBase"]
[SourceDate "2011.11.26"]
[SourceVersion "1"]
[SourceVersionDate "2011.11.26"]
[SourceQuality "1"]

1. e4 e5 2. Nf3 Nc6 3. d3 Nf6 4. Bg5 Bc5 5. a3 d6 6. h3 Be6 7. Nc3 h6 8. Bxf6 Qxf6 9. Nd5 Bxd5 10. exd5 Nd4 11. c3 Nxf3+ 12. Qxf3 Qg5 13. Rd1 O-O 14. d4 exd4 15. cxd4 Rae8+ 16. Be2 Bb6 17. O-O f5 18. Bd3 Bxd4 19. Bb5 Re4 20. Rfe1 Rf4 21. Qe2 Rxf2 22. Qe6+ Kh7 0-1

[Event "Scarborough CC Falling Leaves U1700"]
[Site "Toronto CAN"]
[Date "2009.11.26"]
[Round "4"]
[White "Al Ganabi, Yasir"]
[Black "Andona, Mary"]
[Result "1-0"]
[WhiteElo "1476"]
[BlackElo "955"]
[PlyCount "69"]
[GameId "2160767910096147"]
[EventDate "2009.11.05"]
[EventType "swiss"]
[EventRounds "7"]
[EventCountry "CAN"]

1. e4 Nf6 2. Nc3 e5 3. Nf3 c6 4. Nxe5 Bd6 5. Nf3 O-O 6. Bc4 Bc5 7. h3 a6 8. O-O b5 9. Bb3 Re8 10. d3 d6 11. Ng5 b4 12. Bxf7+ Kf8 13. Bxe8 bxc3 14. Bxc6 Nxc6 15. bxc3 a5 16. d4 h6 17. dxc5 hxg5 18. cxd6 Nxe4 19. Qf3+ Nf6 20. Ba3 Ba6 21. Rad1 Rc8 22. d7+ Kf7 23. dxc8=Q Qxc8 24. Rd6 g4 25. hxg4 Ne5 26. Qf5 Qe8 27. Re1 Qb5 28. g5 Bb7 29. Qe6+ Kg6 30. Rxe5 Qe2 31. Rxe2 Kxg5 32. Qf7 Ng4 33. Rg6+ Kh5 34. Qf5+ Kh4 35. Qxg4# 1-0